Văn hóa dân gian - Những công trình của hội viên Quyển 1
TM tài liệu tham khảo sau mỗi bài viết; Tập hợp nhiều bài viết của các tác giả: Vài món đặc sản ở Tiền Giang; Cà rỏ của dân tộc Ba Na; bánh tét ngày tết ở Nam Bộ; nghệ thuật trang trí trên vải của người Mạ, những ngôi "nhà đá"...
Spremljeno u:
| Glavni autor: | |
|---|---|
| Daljnji autori: | |
| Format: | Knjiga |
| Jezik: | Undetermined |
| Izdano: |
H.
Khoa học xã hội
2015
|
| Teme: | |
| Online pristup: | http://lrc.tdmu.edu.vn/opac/search/detail.asp?aID=2&ID=24340 |
| Oznake: |
Dodaj oznaku
Bez oznaka, Budi prvi tko označuje ovaj zapis!
|
| Thư viện lưu trữ: | Trung tâm Học liệu Trường Đại học Thủ Dầu Một |
|---|
| LEADER | 01330nam a2200229Ia 4500 | ||
|---|---|---|---|
| 001 | TDMU_24340 | ||
| 008 | 210410s9999 xx 000 0 und d | ||
| 082 | |a 398.09597 | ||
| 090 | |b NG527 | ||
| 100 | |a Nguyễn, Thanh Lợi | ||
| 245 | 0 | |a Văn hóa dân gian - Những công trình của hội viên | |
| 245 | 0 | |c Nguyễn Thanh Lợi, Lê Công Lý (b.tập) | |
| 245 | 0 | |n Quyển 1 | |
| 260 | |a H. | ||
| 260 | |b Khoa học xã hội | ||
| 260 | |c 2015 | ||
| 300 | |a 463 tr. | ||
| 520 | |a TM tài liệu tham khảo sau mỗi bài viết; Tập hợp nhiều bài viết của các tác giả: Vài món đặc sản ở Tiền Giang; Cà rỏ của dân tộc Ba Na; bánh tét ngày tết ở Nam Bộ; nghệ thuật trang trí trên vải của người Mạ, những ngôi "nhà đá" còn sót lại; trong Đồng Tháp Mười; cầu tiêu cá ở Đồng bằng sông Cửu Long; làng nghề điêu khắc gỗ Phú Thọ (Bình Dương); ghe bầu miền Trung... | ||
| 650 | |a Văn hóa dân gian |z Việt Nam | ||
| 700 | |a Lê, Công Lý | ||
| 856 | |u http://lrc.tdmu.edu.vn/opac/search/detail.asp?aID=2&ID=24340 | ||
| 980 | |a Trung tâm Học liệu Trường Đại học Thủ Dầu Một | ||